000 00438nam a2200181Ia 4500
001 8423
005 20260306160608.0
008 260306t2004||||xx |||||||||||||| ||spa||
041 _aESP
082 _a370.985
_bI59
100 _aFlores, Lourdes
_eAUT
245 0 _aCrisis y desafíos de la educación en el Perú
260 _c2004
300 _a69 páginas :
_c21 cm.
650 _aGEN
654 _aCED
942 _cLIB
_dJUS
_fJUS
_2ddc
_n
999 _c8423
_d8423